000 00597cam a22002173a 4500
001 37828
003 PGUSA
005 20140828083830.0
008 111023s2011||||xxu|||||s|||||000 | eng d
040 _aPGUSA
_beng
042 _adc
100 1 _aAristophanes,
_d-450--388
245 1 0 _aDe Ridders
_h[electronic resource] /
_cAristophanes
260 _bProject Gutenberg,
_c2011
506 _aPublic domain in the USA.
516 _aElectronic text
700 1 _aMuller, Hendrik Clemens
830 0 _aProject Gutenberg
_v37828
856 4 0 _uhttp://www.gutenberg.org/ebooks/37828
942 _cEB
999 _c267082
_d267082